[Event "Welsh Seniors Ch"]
[Site "?"]
[Date "2018.09.30"]
[Round "4"]
[White "Van Kemenade, R."]
[Black "O'Rourke, Kevin"]
[Result "1-0"]
[WhiteElo "1982"]
[BlackElo "1264"]
[Annotator "kemen"]
[PlyCount "71"]
[EventDate "2018.10.04"]

1. e4 e5 2. Nf3 d6 3. d4 exd4 4. Nxd4 Nf6 5. Nc3 h6 {uncommon} (5... Be7) (5...
g6 {main lines}) 6. g3 {and even less frequent} (6. Bc4 {when} Bd7 7. O-O Nc6
8. Nxc6 Bxc6 9. Re1 Be7 10. Bf4 O-O 11. Qf3 Nh7 12. Rad1 Qc8 13. Qg3 Bg5 14.
Bxg5 Nxg5 15. e5 dxe5 16. Qxe5 Qg4 $19 {Zhou-O'Rourke,John Bishop Minor 2009,
0-1}) (6. Be2) (6. Bd3 {are the 3 most frequent, in this latter} Ng4 (6... Be7)
7. h3 Ne5 8. O-O Nxd3 9. Qxd3 b6 10. Re1 Nd7 11. Nc6 Qf6 12. Nd5 Qh4 13. Nxc7#
{S Sivarajasingam-O'Rourke, S Wales International 2018,1-0}) 6... Bd7 7. Bg2
Qc8 (7... Nc6 8. Nxc6 Bxc6 9. O-O Qd7 10. Re1 Be7 11. Nd5 $16 {
Reust-Gruenenwald, SUI ch int Women, Luzern 1994,1-0}) 8. h3 Be7 9. Be3 Nh7 (
9... O-O) 10. f4 (10. Nf5 {Komodo12} Bxf5 11. exf5 c6 12. Qg4 $16 (12. O-O Qxf5
13. Re1 Qd7 (13... O-O 14. Bxh6) 14. Qe2 (14. Bxa7 Rxa7 $2 15. Qd4 $18 Ra8 16.
Qxg7 Rf8 17. Qxh7) 14... O-O 15. Bxh6)) 10... g5 {weakens the K side & allows
Wh to expand his space advantage} 11. f5 $16 (11. O-O $1 {Komodo12} Bxh3 12.
Nd5 Bxg2 13. Kxg2 Nc6 14. e5 {opening up the centre against the K still there}
(14. Nb5 Bd8 15. fxg5 Nxg5 16. Qh5 $18) (14. Nf5 Kd8 15. Nxh6 $18) 14... dxe5
15. Nxc6 bxc6 16. Nxe7 Kxe7 17. Bc5+ Kf6 (17... Ke8 18. Re1 Nf8 19. Rxe5+ Ne6
20. f5 $18) 18. fxg5+ Kg7 19. Rxf7+ $1 (19. gxh6+) 19... Kxf7 20. Qh5+ Ke6 21.
Qg6+ Kd5 22. b4 {mating soon}) 11... Bf6 (11... Nf6 12. O-O $16 {Bl is behind
in development & can scarcely 0-0}) 12. Qd2 (12. O-O) 12... Qd8 (12... Nc6) 13.
O-O-O Nc6 14. Nde2 {keeping pieces on so that Bl has more trouble finding
places to put his} (14. h4 $18 {Komodo12}) 14... Qe7 {trying to get 0-0-0} 15.
Nd5 $18 Bxb2+ {based on a miscalculation} (15... Qe5 16. c3 (16. Nxc7+ {
Bl thought this would win an exchange, but then Wh thought N gets lost because
of the mate threat, Komodo12 soldiers on with compensation for it, but Wh need
not go in for this} Kd8 17. Nd4 Kxc7 18. Nb5+ Kb8 (18... Kd8 19. c4 Ke7 20.
Nxd6 Rhd8 21. Nxb7 Qxb2+ 22. Qxb2 Bxb2+ 23. Kxb2 Rdb8 24. e5 Rxb7+ 25. Ka1 $14)
19. Qxd6+ Qxd6 20. Nxd6 Be8 $11) 16... Kd8 (16... Bd8 17. h4 Nf6 18. Bd4 Nxd4
19. cxd4 Nxe4 20. dxe5 Nxd2 21. Rxd2 $18) 17. Bd4 Nxd4 18. cxd4 Qe8 19. Qc3 (
19. e5 $18) 19... Rc8 20. e5 $18 {the Bl K is stuck in the middle where the Wh
Rs will get at it.}) 16. Kxb2 Qe5+ 17. Qc3 (17. c3) (17. Kb1) 17... O-O-O 18.
Nd4 {with the idea that Wh has NxN followed by Bd4, since if Bl tries NxN,
then Qc7 is mate. And missing the simple point of} (18. Bd4 $1 {Julie, picking
up a further exchange immediately}) 18... Rhe8 (18... Qxg3 19. Rhg1 Qe5 20. Kb1
Rhe8 21. Nxc6 Bxc6 22. Qa5 Bxd5 23. Rxd5 Qg3 24. Qxa7 Kd7 25. Qa4+ Ke7 26. Rd3
Kf8 27. Bd4 {and the Bl K will still be dragged out from his K side shelter}) (
18... Nf6 19. Nxc6 Qxc3+ 20. Kxc3 Nxd5+ 21. exd5 bxc6 22. dxc6 Bxf5 23. Bxa7
Rde8 24. Rb1 Kd8 25. Rhf1 Be6 26. Bd4 {and Bl will lose more material}) 19. g4
{hoping to exploit Bl's next move} (19. Nb5 Qxc3+ 20. Kxc3 Ne7 21. Nbxc7 Nxd5+
22. Nxd5 Kb8 23. Bd4 {simplest}) 19... Nf6 20. Nxc6 (20. Rhe1 {Komodo12} Nxe4
21. Bxe4 Qxe4 22. Nxc7 $1 (22. Nxc6 Bxc6 23. Bxg5) 22... Kxc7 23. Nb5+ Kb8 24.
Bxa7+ Nxa7 25. Qc7+ Ka8 26. Rxe4 Bxb5 27. Rxd6 $18) 20... Nxd5 (20... Qxc3+ {
had to be played, to save the N on f6}) 21. Nxa7+ Kb8 22. Rxd5 Qxc3+ 23. Kxc3
c5 {cuts the N suport, but lines open elsewhere} (23... b6 24. Nb5 (24. e5 $1 {
Komodo12} Rxe5 (24... Kxa7 25. Ra5+ Kb8 26. Ra8#) 25. Rxe5 dxe5 26. Nc6+ Bxc6
27. Bxc6 $18) 24... Bc6 25. Bd4 Bxd5 26. exd5 $18 {with 3 pieces for a R}) 24.
Rxd6 Re5 25. Rhd1 (25. Nb5) 25... Kc7 26. Nb5+ Kc8 27. Na3 (27. a4 {Komodo12})
27... Ree8 28. Bxc5 Bc6 29. Bb6 (29. Nc4) (29. Rxd8+ Rxd8 30. Rxd8+ Kxd8 31.
Nc4) 29... Rxd6 30. Rxd6 Kb8 31. Nc4 Rc8 32. Kd4 Bb5 33. Ne3 (33. Ne5) 33... f6
34. Rxf6 h5 35. e5 h4 36. c4 1-0

[Event "Welsh Seniors Ch"]
[Site "?"]
[Date "2018.09.30"]
[Round "5"]
[White "Thomas, Roy"]
[Black "James, Dai"]
[Result "0-1"]
[WhiteElo "1719"]
[BlackElo "1826"]
[Annotator "kemen"]
[PlyCount "42"]
[EventDate "2018.10.04"]

1. d4 Nf6 2. c4 c5 3. d5 e6 (3... b5 {Lunn-James, 4NCL 2010,1-0}) 4. Nc3 exd5
5. Nxd5 {hoping to take permanent control over d5, but Bl has enough resources}
(5. cxd5 {main}) 5... Nxd5 6. Qxd5 (6. cxd5 {far less frequent}) 6... Be7 (6...
Nc6) 7. Nf3 O-O 8. e3 (8. g3 {also played, but gave Bl 6 wins & a draw}) 8...
Nc6 9. a3 {this gives Bl 6 wins & a draw} (9. Be2 {alternative,1 Wh win, 2
draws & 3 Bl wins}) 9... d6 10. Bd3 (10. Be2 {main}) 10... Be6 11. Qe4 (11. Qh5
g6 $19 12. Qh6 Ne5 {once the N goes the Q is trapped; Gold-Sinclair, South
Island ch rapid, Blenheim 1999,0-1}) 11... g6 $17 12. Qf4 (12. Bb1 Re8 13. Qd3
Bf6 14. O-O Qe7 (14... d5 {Komodo12}) 15. Re1 Rad8 16. Qf1 a6 17. Bd3 Na5 18.
Nd2 d5 $17 {De Schepper-Geerinkx, BEL ch op, Niel 2017,0-1}) 12... Bf6 (12...
Ne5 13. Be2 Nxc4 14. Bxc4 g5 15. Qg3 Bxc4 $17 {Komodo12}) (12... d5 $19) 13.
Rb1 (13. O-O Be5 14. Qh6 Bg7 15. Qf4 Ne5 $17 {Komodo12}) (13. h4 $5 {Rudy} Ne5
14. Be2 Nxf3+ 15. Qxf3 d5 $17) 13... Be5 $17 (13... Ne5 14. Be2 Nxc4 $17) 14.
Qh6 Bg7 15. Qg5 (15. Qf4 Ne5 $17) 15... Ne5 $19 16. Ke2 (16. Qxd8 Nxd3+ 17. Kd2
Raxd8 18. Kxd3 d5 $19) 16... Nxd3 17. Kxd3 d5 (17... Bf6 18. Qg3 d5 $19 {
Komodo12}) 18. cxd5 (18. Qxd8 Bf5+ 19. Ke2 Raxd8 20. Ra1 dxc4 $19 {Komodo12})
18... Bf5+ 19. e4 Qxd5+ 20. Ke2 Qxe4+ 21. Be3 (21. Qe3 Qc4+ 22. Ke1 Bxb1 (22...
Rfe8)) 21... Qd3+ 0-1

[Event "Welsh Seniors Ch"]
[Site "?"]
[Date "2018.09.30"]
[Round "5"]
[White "Hurn, Robert"]
[Black "Davis, Lee"]
[Result "1/2-1/2"]
[WhiteElo "1608"]
[BlackElo "1960"]
[Annotator "kemen"]
[PlyCount "70"]
[EventDate "2018.10.04"]

1. d4 Nf6 2. c4 e6 3. Nc3 Bb4 4. e3 b6 5. Nge2 Bb7 (5... Ba6 {main}) 6. a3 (6.
f3 d5 7. Ng3 O-O 8. Qc2 c5 9. a3 cxd4 10. axb4 dxc3 11. bxc3 Qc7 12. cxd5 Nxd5
{Hurn-Davis, S Wales New Year op, Bridgend 2014,0-1}) 6... Be7 7. d5 O-O (7...
e5 8. Ng3 d6 9. e4 Bc8 10. Be2 a5 11. Be3 Bd7 12. O-O O-O 13. Nf5 {T
Brown-Davis, S Wales International 2010,1/2-1/2}) 8. Ng3 {main} (8. g3 e5 9.
Bg2 d6 10. O-O a5 11. e4 Na6 12. Rb1 Bc8 13. h3 Ne8 14. Be3 f5 15. b4 {
Sowray-Davis, Midland Open, West Bromwich 2017,1-0}) 8... d6 9. e4 (9. Be2 c6 {
main}) 9... exd5 (9... Nbd7) (9... c6 {main lines}) 10. cxd5 $16 {Komodo12} (
10. exd5 Re8 11. Be2 Nbd7 12. O-O Bf8 13. Bg5 h6 14. Be3 g6 15. Qc2 Bg7 16.
Rae1 Ne5 17. h3 a6 {Gilbert-Davis, Gwent Closed 2017,1/2-1/2}) 10... Re8 11.
Be2 Bf8 12. O-O g6 13. Bg5 Bg7 14. Rc1 (14. Qd2) 14... h6 15. Be3 a6 16. Qd2
Kh7 17. f4 Nbd7 18. b4 h5 19. Bf3 Rc8 {Bl suffers from a lack of space} 20. f5
(20. e5 {a sealer/sweeper; depriving Bl of e5 & gaining e4 for the Wh pieces}
dxe5 21. f5 e4 {Bl does best to return the pawn rather than allow a blockade
bt Ne4} 22. fxg6+ fxg6 23. Bxe4 Ne5 24. Bg5 $16 {Komodo12}) 20... Ne5 $14 {
a useful blockader, as in Waterfield-Van Kemenade, 1-0 same round} 21. fxg6+
fxg6 22. Bg5 Rf8 (22... Nf7 23. Be3 Qe7 $11 {Komodo12}) 23. Nce2 (23. Nge2)
23... Qe8 (23... h4 24. Nh1 (24. Bxh4 Nxe4 $11) 24... Qd7 $11 {Komodo12}) 24.
Nd4 $16 Nxf3+ 25. gxf3 Rf7 (25... Qd7 26. Ne6 Rfe8 27. Nxg7 Qxg7 28. Ne2 $16)
26. Ne6 $18 c6 27. Be3 cxd5 28. Ng5+ Kg8 29. Nxf7 Rxc1 (29... Qxf7 30. Bxb6)
30. Rxc1 (30. Nh6+ Bxh6 31. Rxc1 Bxe3+ 32. Qxe3 dxe4 33. Rc7 $18 {Komodo12} Nd5
34. Qb3 Qb8 35. Rxb7 Qxb7 36. fxe4 $18) 30... Qxf7 31. Bxb6 Ne8 32. Qe2 (32.
Qg2) 32... h4 33. Nh1 Qf4 34. Be3 $18 {(draw?)} Bd4 35. Re1 Qg5+ {(draw?)} (
35... Qg5+ 36. Kf1 Bxe3 37. Qxe3 Qxe3 38. Rxe3 dxe4 39. fxe4 {and Wh is a
clear exchange up, with the Bl pawns scattered.   This gave Bob his 5th draw
in the tournament- it could have been 5 wins}) 1/2-1/2

[Event "Welsh Seniors Ch"]
[Site "?"]
[Date "2018.09.30"]
[Round "5"]
[White "Waterfield, J."]
[Black "Van Kemenade, R."]
[Result "1-0"]
[WhiteElo "1923"]
[BlackElo "1982"]
[Annotator "kemen"]
[PlyCount "83"]
[EventDate "2018.09.30"]

1. e4 d6 2. d4 Nf6 3. Nc3 c6 4. f4 Qa5 5. Bd3 e5 6. Nf3 exd4 7. Nxd4 g6 8. h3 (
8. O-O) (8. Be3) (8. Nb3) (8. Qe2 Nbd7 9. Be3 Bg7 10. O-O-O O-O 11. g4 b5 $2
12. Nxc6 $18 {Waterfield-J Van Kemenade, European Club Cup 2016,1-0}) 8... Bg7
9. Be3 O-O 10. O-O (10. Qf3) 10... Re8 (10... Nbd7) 11. Qf3 Nbd7 12. a3 (12. g4
h6 (12... Nc5 13. f5 gxf5 14. exf5 Nxd3 15. cxd3 Nd5 16. Ne4 {
Varadi-Kernazhitsky, Szombatheley 2003,1-0}) (12... Qc7 13. g5 Nh5 14. Rae1 b5
15. Qg2 b4 16. Na4 c5 17. Nb5 Qb8 18. e5 dxe5 19. fxe5 Bb7 20. Qf2 Nxe5 {
Cinza Lopez-Iruzubieta Villaluenga. San Sebastian op, Donostia op 2018,0-1})
13. Qf2 Re7 14. Nf3 b5 {Onischuk-Schmaltz, Viernholm 1995,0-1}) 12... Qc7 13.
g4 $146 (13. Rae1 b5 14. e5 dxe5 15. Qxc6 Qxc6 16. Nxc6 a6 17. Bc1 Bb7 18. Nxe5
Nxe5 19. fxe5 Nd7 20. e6 Rxe6 21. Rxe6 fxe6 22. Be4 Bxe4 23. Nxe4 {
Kayonde-Illingworth, Istanbul ol 2012,1/2-1/2}) (13. Nde2 a6 14. g4 h6 15. Ng3
c5 16. g5 hxg5 17. fxg5 Ne5 18. Qg2 Nfd7 {Iudicelo-Cavatorta, ITA seniors ch,
Fano 2014,1/2-1/2}) 13... h5 (13... h6) (13... Nc5) 14. g5 Nh7 15. f5 (15. e5
dxe5 $19) 15... Ne5 16. Qf2 Qd8 $11 {Komodo12} 17. f6 (17. Qg2 Nxd3 18. cxd3
Bxd4 19. Bxd4 Qxg5 20. Qxg5 Nxg5 21. h4 Nh7 22. Rf3 $11 {Komodo121}) 17... Bf8
(17... Bxh3 {considered} 18. fxg7 Bxf1 19. Rxf1 Nxg5 20. Qg3 Ng4 21. Bf4 Kxg7
$15 {Komodo12}) 18. Qg2 (18. Qg3 d5 19. exd5 h4 20. Qf4 Bd6 $17 {Komodo12})
18... d5 $15 {breaking open the centre} (18... Qd7 19. h4) 19. Rae1 (19. Rad1)
19... c5 {all Bl's pieces are on the back rank, except fot the stalwart on e5}
(19... Nxd3 20. cxd3 c5 21. Nxd5 cxd4 22. Bxd4 Be6 $19 {Komodo12}) 20. Nxd5
cxd4 21. Bxd4 Bd6 (21... Nxd3 22. cxd3 Be6 $17 {Komodo12}) 22. Bb5 Bd7 23. Bxd7
Qxd7 24. Rd1 Qc6 (24... Kh8) (24... Nc6) 25. Ne7+ Bxe7 26. Bxe5 Bc5+ 27. Bd4
Bxd4+ (27... Rxe4) (27... Re5) 28. Rxd4 Qc5 29. c3 Nxg5 {looks good, but not
the best at all, according to Komodo12} (29... Qxg5 30. Kh2 Rad8 $19) (29...
Rad8 30. Rfd1 Rxd4 31. cxd4 Qxg5 $19) 30. Kh1 (30. Rf5 $1 Nxh3+ 31. Qxh3 Re5
32. b4 Qb5 33. c4 Qe8 34. Qf3 Qe6 $15 {Komodo12}) 30... Rad8 (30... Ne6 $19 {
simplest}) 31. Rf5 $5 {an excellent reply , totally missed by Bl, who looked
at several replies, without finding the answer} Qc6 (31... Rxd4 $1 32. Rxc5
Rd1+ 33. Kh2 Nxe4 $19 34. Rc8 Rxc8 35. Qxe4 Rd2+ 36. Kg3 Rxb2 $19 {not at all
clear to humans}) 32. Rxg5 Qxf6 $11 (32... Rxd4 33. Rxg6+ $18) 33. e5 Qb6 $15 (
33... Qe6 34. Rxh5 Rxd4 35. cxd4 Qc4 36. Rg5 Rd8 37. Rg4 Rxd4 38. Rxd4 Qxd4 39.
Qxb7 Qd1+ 40. Kg2 Qe2+ 41. Kh1 Qf1+ 42. Kh2 Qe2+ 43. Kh1 Qxe5 44. Qxa7 Qxb2 $11
{Komodo12}) 34. Qd2 Rxd4 35. cxd4 Rd8 $17 (35... Qb3 36. Kh2 Rd8 $15 {first
idea}) 36. d5 Qb3 {best, Komodo12} (36... Qc6 {John} 37. dxc6 Rxd2 38. cxb7
Rxb2 39. e6 Rxb7 40. exf7+ Kxf7 41. Ra5 $15 {but Bl can't get his K into the
game , so drawn}) 37. e6 (37. d6 {Komodo12} Qxh3+ 38. Kg1 Rc8 39. Rg2 Qe6 40.
Rg5 Rc5 (40... Rc4 41. Qd3 (41. d7 $2 Qb6+ 42. Kg2 Rd4 $19) (41. b3 Rh4 42. Qd3
Rh3 (42... Kg7 $17) 43. Rg3 Qg4 (43... Rh4 44. Rg5) 44. Rxg4 Rxd3 45. Rc4 b5
46. Rc7 Kf8 47. Rxa7 f6 48. e6 Rxd6 49. Rf7+ Ke8 50. Rxf6 Ra6 51. a4 bxa4 52.
bxa4 Rxa4 53. Rxg6 Ke7 54. Kh2 $11) 41... Kf8)) 37... Qxh3+ 38. Kg1 Re8 (38...
Qxe6 $19 {Komodo12}) (38... fxe6 39. Rxg6+ Kf7 40. Qh6 $1 $18 (40. dxe6+ Kxg6
41. Qxd8 Qxe6 $17)) (38... Rc8 39. e7 Qd7 40. d6 $18) 39. Qf4 (39. Qf2 Rf8 40.
Rg3 $1 {and the Q is in touble}) 39... Kh8 40. Qf6+ Kh7 41. Qxf7+ Kh6 42. Qxg6#
1-0

[Event "Welsh Seniors Ch"]
[Site "?"]
[Date "2018.09.30"]
[Round "5"]
[White "Greatorex, Roger"]
[Black "Williams, David J"]
[Result "1/2-1/2"]
[WhiteElo "1736"]
[BlackElo "1517"]
[Annotator "kemen"]
[PlyCount "61"]
[EventDate "2018.10.04"]

1. e4 c5 2. Nf3 e6 3. Bc4 a6 4. a4 Nc6 5. O-O Nf6 (5... d5) (5... d6 {main
lines}) 6. e5 Ng4 7. Qe2 (7. Re1 Qc7 8. Qe2 f6 9. d4 cxd4 10. exf6 Nxf6 11. b3
Bc5 12. Bd3 O-O {Vallejo-Sanchez, Medellin IRT op 2012,0-1}) 7... d5 8. Ba2 Be7
9. c3 Qc7 10. d4 Bd7 11. h3 Nh6 12. dxc5 (12. Bxh6 gxh6 {gives Bl chances down
the g file}) 12... Bxc5 13. b4 Be7 14. Re1 Nf5 15. Bb2 O-O $11 16. Na3 (16.
Nbd2) 16... Rfd8 (16... f6) 17. Bb1 g6 (17... d4 $5 {Komodo12}) 18. g4 {
weakens the K side} Ng7 (18... Nh4 19. Nxh4 (19. Nd2 Bg5 $19) 19... Bxh4 20.
Qe3 f6 21. exf6 Bxf6 $15 {Komodo12}) 19. Bd3 $14 f5 20. gxf5 (20. exf6 Bxf6 21.
b5 $14 {Komodo12}) 20... exf5 (20... Nxf5) 21. b5 Na5 22. Nd4 Be6 (22... Ne6
23. Nxe6 Bxe6 $11 24. bxa6 bxa6 25. Bxa6 Nb3 26. Rad1 Nc5 27. Bd3 Rxa4 $15 (
27... Ne4 $17)) 23. bxa6 bxa6 24. Bxa6 Qb6 (24... Bc5 25. Nac2 f4 26. Bb5 Qe7
$11 {the Wh K side is weak, and all Wh's pieces are over on the Q side}) 25.
Bb5 Rac8 (25... f4 26. Qf3 Nf5 27. Nac2 Rf8 28. Nxf5 Rxf5 29. Nd4 Rg5+ 30. Kh2
$16 {Komodo12}) 26. Rac1 (26. Qf3) 26... Rc7 27. Rc2 Nb7 (27... f4) 28. Nb1 Nc5
29. Nd2 Ra8 30. Ra1 (30. Ba3 {Komodo12- gets rid of the inactive B} Nxa4 31.
Bxe7 Rxe7 32. Bc6 Ra6 33. Rb1 Nxc3 34. Rxc3 Qxd4 35. Rb8+ Kf7 36. Nf3 Ra1+ 37.
Kg2 Qf4 38. Qb2 Raa7 39. Rh8 $18 {Bl has lost control over the bl squares &
the back rank attack will be fatal}) 30... Ne4 31. Nxe6 {(draw?)} (31. Nxe6
Nxe6 32. Nxe4 dxe4 $11 {Komodo12}) 1/2-1/2